000 00302nam a22001337a 4500
003 SGT
082 _a370
_bP07P
100 _aPANDEY, SUSHMA
245 _aPSYCHOLOGICAL CONSEQUENCES OF CHILD ABUSE
260 _aNEW DELHI
_bCONCEPT PUB
_c2007
300 _a247
650 _aEDUCATION
942 _2ddc
_cBK
999 _c12409
_d12409